| 000 | 00693nam a2200289Ia 4500 | ||
|---|---|---|---|
| 005 | 20260324140125.0 | ||
| 008 | 008 260324s9999 xx 000 0 eng d | ||
| 020 | _a9780429271281 | ||
| 037 | _aEBOOK | ||
| 040 | _aCRL | ||
| 040 | _beng | ||
| 040 | _cCRL | ||
| 041 | _2eng | ||
| 041 | _aeng | ||
| 084 | _qCRL | ||
| 100 |
_aJohn W. Davis _91172035 |
||
| 245 | 0 | _aFast Track to Waste-Free Manufacturing | |
| 245 | 0 | _bStraight Talk from a Plant Manager | |
| 260 | _bTaylor and Francis | ||
| 260 | _c1999 | ||
| 365 | _a | ||
| 365 | _b76.99 | ||
| 856 | _uhttp://www.taylorfrancis.com/books/9780429271281 | ||
| 942 | _cEBOOK | ||
| 999 |
_c1804946 _d1804946 |
||